El síndico como integrante de los grupos de riesgo (Registro nro. 21358)
[ vista simple ]
| 000 -LEADER | |
|---|---|
| fixed length control field | 00338 a2200109 4500 |
| 001 - CONTROL NUMBER | |
| control field | ART_51118 |
| 005 - DATE AND TIME OF LATEST TRANSACTION | |
| control field | 20260410161810.0 |
| 008 - FIXED-LENGTH DATA ELEMENTS--GENERAL INFORMATION | |
| fixed length control field | 260409a |
| 100 1# - MAIN ENTRY--PERSONAL NAME | |
| Personal name | Dasso, Ariel G. |
| 245 10 - TITLE STATEMENT | |
| Title | El síndico como integrante de los grupos de riesgo |
| 773 0# - HOST ITEM ENTRY | |
| Title | Doctrina Societaria y Concursal |
| Related parts | - N°391 (jun. 2020) |
| Record control number | REV4298 |
No hay ítems disponibles.